000 00304nam a2200133 i 4500
001 bg
100 1 _aSIMONS, G.L.
245 0 _aExpert systems and micros /
_cG.L. Simons.
260 _aManchester,
_c1985.
040 _cBPK
041 _apol
942 _cKS
008 s pl f |000 0 pol
999 _c23704
_d23704
856 _uhttp://koha.tu.koszalin.pl/cgi-bin/koha/opac-detail.pl?biblionumber=23704
_yKatalog online BPK